000 00798nam a2200241 i 4500
001 48781
003 ES-MaACL
005 20250905135257.0
007 t|
008 950731s1874 fr ||||1| fre d
040 _aCAM
_bspa
_cCAM
100 1 _aDiez, Friedrich Christian,
_d1794-1876
_944646
245 1 0 _aGrammaire des langues romanes /
_cpar Frédéric Diez ; traduit par Auguste Brachet, Gaston Paris et Alfred Morel-Fatio.
250 _a3e éd.
260 _aParis :
_bLibrairie A. Franck,
_c1874.
300 _a3 v. ;
_c24 cm.
650 1 4 _aLenguas románicas-
_xGramática.
_914368
700 1 _aBrachet, Auguste.
_931235
700 1 _aParis, Gaston,
_d1839-1903
_989136
700 1 _aMorel-Fatio, Alfred.
_983243
852 _aES-MaACL
_jD-527-29
999 _c48781
_d48781